Top 20 UCL Football Goal Scorers - Statistics

General Stats
  • This quiz has been taken 9 times
  • The average score is 11 of 20
Answer Stats
Goals Answer % Correct
140 Cristiano Ronaldo
100%
129 Lionel Messi
100%
109 Robert Lewandowski
100%
90 Karim Benzema
86%
70 Kylian Mbappé
86%
57 Thomas Müller
86%
71 Raúl
71%
56 Ruud van Nistelrooy
71%
50 Thierry Henry
71%
44 Antoine Griezmann
57%
57 Erling Haaland
57%
43 Neymar
57%
48 Zlatan Ibrahimović
57%
44 Didier Drogba
43%
52 Harry Kane
43%
46 Filippo Inzaghi
29%
49 Alfredo Di Stéfano
0%
48 Andriy Shevchenko
0%
46 Eusébio
0%
50 Mohamed Salah
0%
No matching quizzes found
Score Distribution
Percent of People with Each Score
Percentile by Number Answered
Your Score History
You have not taken this quiz